Tous les clubs défiés par l'Ajax en coupe d'Europe et internationale - Statistiques

Statistiques générales
  • Ce quiz a été pris 6 fois
  • Le résultat moyen est 67 sur 147
Statistiques - réponses
1ère confrontation Nombres de matchs Bilan Clubs % Correct
1968-69 14 5v 4n 5d AC Milan
100%
2019-20 3 1n 2d Chelsea
100%
1971-72 6 1v 1n 4d Inter Milan
100%
1972-73 14 3v 5n 6d Juventus
100%
2002-03 6 3v 2n 1d Lyon
100%
1979-80 2 1v 1d Nottingham Forest
100%
1971-72 9 3v 2n 4d OM
100%
2014-15 2 1n 1d PSG
100%
2002-03 4 1v 2n 1d Valence
100%
2006-07 2 1v 1d Werder Brême
100%
1969-70 8 3v 2n 3d Arsenal
83%
2002-03 4 1v 2n 1d AS Rome
83%
1978-79 2 1v 1d Athletic Bilbao
83%
1972-73 10 3v 4n 3d Bayern Munich
83%
1968-69 10 4v 3n 3d Benfica
83%
1966-67 7 7v Besiktas
83%
1970-71 10 4v 2n 4d Celtic
83%
2003-04 2 1v 1d Club Bruges
83%
1995-96 6 3v 1n 2d Dortmund
83%
2010-11 4 2v 2n Dynamo Kiev
83%
1968-69 4 2v 1n 1d Fenerbahce
83%
2008-09 2 1v 1n Fiorentina
83%
2024-25 2 1v 1d Galatasaray
83%
2019-20 4 4v Lille
83%
1966-67 6 1v 1n 4d Liverpool
83%
1986-87 1 1v Lokomotive Leipzig
83%
2012-13 2 1v 1n Manchester City
83%
1976-77 5 2v 3d Manchester United
83%
1983-84 7 2v 2n 3d Olympiakos
83%
1985-86 6 1v 1n 4d Porto
83%
1996-97 4 4v Rangers
83%
1967-68 14 5v 1n 8d Real Madrid
83%
2005-06 3 1v 1n 1d Sparta Prague
83%
1988-89 4 2v 2d Sporting Lisbonne
83%
1979-80 2 1v 1n Strasbourg
83%
1981-82 4 1v 3d Tottenham
83%
1994-95 6 5v 1n AEK Athènes
67%
2009-10 4 2v 1n 1d Anderlecht
67%
2023-24 2 1n 1d Aston Villa
67%
2020-21 2 1n 1d Atalanta
67%
1970-71 4 2v 1n 1d Atlético Madrid
67%
1970-71 2 2v Bâle
67%
2013-14 4 1v 3d Barcelone
67%
2001-02 6 2v 1n 3d Copenhague
67%
1972-73 4 3v 1d CSKA Sofia
67%
2024-25 1 1d Lazio
67%
2014-15 4 3v 1n Legia
67%
1969-70 4 1v 3d Napoli
67%
2017-18 2 2n OGC Nice
67%
1970-71 7 5v 1n 1d Panathinaïkos
67%
2002-03 4 2n 2d Rosenborg
67%
1997-98 4 4d Spartak Moscou
67%
1968-69 2 1v 1d Spartak Trnava
67%
2016-17 4 2v 2n Standard Liège
67%
2012-13 2 1v 1d Steaua Bucarest
67%
1991-92 2 2n Torino
67%
1992-93 8 3v 1n 4d Auxerre
50%
2023-24 2 2d Brighton
50%
1995-96 2 2v Ferencváros
50%
2019-20 2 1v 1d Getafe
50%
1987-88 3 3v Hambourg
50%
1999-2000 2 1v 1d Hapoël Haïfa
50%
1975-76 4 3v 1d Levski Sofia
50%
2004-05 3 2v 1d Maccabi Tel-Aviv
50%
1986-87 2 1v 1d Malmo
50%
1993-94 2 1n 1d Parme
50%
2015-16 2 1n 1d Rapid Vienne
50%
1992-93 6 2v 2n 2d RB Salzbourg
50%
1986-87 4 3v 1n Real Saragosse
50%
2007-08 4 2n 2d Slavia Prague
50%
2009-10 2 2v Slovan Bratislava
50%
2025-26 1 1v Villarreal
50%
1974-75 2 1v 1d Antwerp
33%
2001-02 2 2v Apollon Limassol
33%
1989-90 3 1v 2d Austria Vienne
33%
1984-85 2 1v 1d Bohemians
33%
1978-79 2 1v 1d Budapest Honvéd
33%
2003-04 4 2v 1n 1d Celta Vigo
33%
1998-99 8 5v 1n 2d Dinamo Zagreb
33%
1971-72 2 1v 1n Dynamo Dresde
33%
2024-25 2 2d Eintracht Francfort
33%
1991-92 2 1v 1n Genoa
33%
1995-96 4 2v 1n 1d Grasshopper Zurich
33%
1993-94 4 2v 1n 1d Hajduk Split
33%
1975-76 2 1v 1d Hertha Berlin
33%
1979-80 2 2v HJK Helsinki
33%
1991-92 4 3v 1n KAA La Gantoise
33%
1992-93 2 2v Kaiserslautern
33%
1978-79 4 2v 1n 1d Lausanne
33%
2023-24 2 1v 1d Ludogorets
33%
1999-2000 2 2d Majorque
33%
1987-88 1 1d Malines
33%
1997-98 2 1v 1n Maribor
33%
1991-92 2 2v Osasuna
33%
2010-11 6 2v 4n PAOK
33%
2024-25 1 1d Real Sociedad
33%
1984-85 2 1v 1n Red Boys Differdange
33%
2016-17 2 1v 1d Schalke
33%
2018-19 2 2v Sturm Graz
33%
2005-06 2 1v 1d Thoune
33%
2022-23 2 1n 1d Union Berlin
33%
2024-25 2 1v 1d Union Saint-Gilloise
33%
1987-88 4 4v Young Boys
33%
2014-15 4 2v 2n APOEL
17%
2023-24 2 1v 1n Bodø
17%
1986-87 2 2v Bursaspor
17%
1969-70 2 1v 1d Carl Zeiss Jena
17%
1980-81 2 2v Dinamo Tirana
17%
2014-15 2 1v 1d Dnipro
17%
1999-2000 2 2v Dukla Banská Bystrica
17%
1966-67 2 1n 1d Dukla Prague
17%
1987-88 2 2v Dundalk
17%
2006-07 1 1d Espanyol
17%
1975-76 2 2v Glentoran
17%
2020-21 2 2v Midtjylland
17%
2015-16 2 2n Molde
17%
1968-69 2 1v 1n Nuremberg
17%
2024-25 2 2v Qarabağ
17%
2024-25 1 1d RFS
17%
1970-71 2 1v 1n Tirana
17%
1997-98 2 1v 1d Udinese
17%
1961-62 2 1v 1d Újpest
17%
2024-25 2 2v Vojvodina Novi Sad
17%
2008-09 1 1v Žilina
17%
2006-07 1 1v Zulte Waregem
17%
1997-98 2 1v 1n Bochum
0%
2008-09 2 2v Borac Čačak
0%
2005-06 2 1v 1n Brøndby
0%
1957-58 2 2v Erzgebirge Aue
0%
1960-61 2 1n 1d Fredrikstad
0%
2003-04 2 2v Grazer
0%
1995 1 1n Grêmio
0%
1969-70 2 1v 1d Hanovre
0%
1972 2 1v 1n Independiente
0%
2015-16 2 1v 1n Jablonec
0%
2024-25 2 2v Jagiellonia
0%
1977-78 2 1v 1d Lillestrøm
0%
1979-80 2 1v 1d Omonia Nicosie
0%
1991-92 2 2v Örebro
0%
2016-17 2 1n 1d Rostov
0%
1991-92 2 2v Rot-Weiß Erfurt
0%
1969-70 2 2v Ruch Chorzów
0%
2006-07 2 2v Start
0%
1974-75 2 2n Stoke
0%
2009-10 2 1v 1n Timişoara
0%
1957-58 2 1n 1d Vadas
0%
1992-93 2 2v Vitória Guimarães
0%
Aucun quiz correspondant
Distribution des résultats
% des personnes avec chaque résultat
Percentile par nombre de réponses
Votre historique - résultats
Vous n’avez pas pris ce quiz